00714nam a2200229 a 4500001001300000003000900013005001700022008004100039020002300080082001700103245006400120260005000184300000900234500003500243505001000278650001800288710003000306902000800336942000700344952011800351999001500469nice12345678IN_TiNIC20260116012819.0050524s1985 sina grp 000 0 eng  a9971948 c10000a270.82bCCA4 aOut of Controlb Official Report of the Asia Youth Assembly aSingaporebChristian Conference of Asiac1985 a207p aincludes index and biblioraphy2 aIndex aEcumenicalism2 aChristian Council of Asia bSRS cBK 001040708StackRoom-aHMIbHMId2007-07-17g100.00l0o270.82 CCA4p012674r2007-07-17v100.00w2005-05-24yBK c8486d8486